| 000 | 01050nam a22003137a 4500 | ||
|---|---|---|---|
| 003 | EG-ScBUE | ||
| 005 | 20220704115607.0 | ||
| 008 | 090709r19881998enkabc f 000 0 eng d | ||
| 020 | _a0194582337 | ||
| 020 | _a9780194582339 | ||
| 040 |
_aEG-ScBUE _beng _erda _cEG-ScBUE _dEG-ScBUE |
||
| 082 | 0 | 4 |
_222 _a428.24 _bVIN |
| 100 | 1 |
_aViney, Peter, _eauthor. |
|
| 245 | 1 | 0 |
_aMystery tour : _bactivity book / _cPeter Viney, Karen Viney ; original story by Bob Baker. |
| 250 | _aTenth impression. | ||
| 264 | 1 |
_aOxford : _bOxford University Press, _c1998. |
|
| 300 |
_a87 pages : _bcolor illustrations, color maps, color portraits ; _c30 cm. |
||
| 336 |
_2rdacontent _atext _btxt |
||
| 337 |
_2rdamedia _aunmediated _bn |
||
| 338 |
_2rdacarrier _avolume _bnc |
||
| 490 | 0 | _aOxford English video | |
| 650 | 7 |
_97906 _aEnglish language _xFor non-English speaking students. _2BUEsh |
|
| 651 | _2BUEsh | ||
| 653 | _bHHUUEENN | ||
| 655 |
_vReading book _934232 |
||
| 700 | 1 |
_aViney, Karen, _eauthor. |
|
| 700 | 1 |
_aBaker, Bob, _econtributor. |
|
| 942 |
_2ddc _cBB |
||
| 999 |
_c12309 _d12309 |
||